000 00845cab a2200253 4500
001 ABS51629
008 090401t1994 xxu||||| |||| 00| 0 eng d
035 _a(Sirsi) u36058
041 _aeng
100 _aJones, B.
245 _aStrong support for revaluation
260 _c1994
350 _a0
490 _aIRRV Journal
_vOctober 1994, 229(1)
520 _aDescribes the use of VSA (valuation support application) software in revaluing property for the 1995 rating lists and charts its introduction by the Valuation Office since 1990.
650 _aRATING LISTS
650 _aRENTAL COMPARISON METHOD
650 _aRATING REVALUATION 1995
650 _aVALUATION SUPPORT APPLICATION
690 _aMANAGEMENT-BUSINESS MANAGEMENT-INFORMATION MANAGEMENT
690 _aRATING AND VALUATION
942 _n0
948 _c04/03/1997
999 _c23549
_d23549